000 00367nam a2200157Ia 4500
003 OSt
005 20240207163433.0
008 170524s9999 xx 000 0 und d
020 _a9780070530775
040 _cIIMT ENGINEERING COLLEGE
100 _aKang
245 0 _aCMOS Digital Integrated Circuits
260 _bTMH New Delhi
260 _c2008
942 _2ddc
_c02
999 _c4789
_d4789